Soft Skills/ (Record no. 198482)

MARC details
000 -LEADER
fixed length control field 00601nam a22001937a 4500
005 - DATE AND TIME OF LATEST TRANSACTION
control field 20230921104206.0
010 ## - LCCN (DPL NO)
LC control number ENG-138208
020 ## - INTERNATIONAL STANDARD BOOK NUMBER
International Standard Book Number 9789355325211
Terms of availability 575.00
035 ## - SYSTEM CONTROL NUMBER
System control number EN-121740
037 ## - SOURCE OF ACQUISITION
Source of stock number/acquisition DBAD/PUB
082 ## - DEWEY DECIMAL CLASSIFICATION NUMBER
Classification number 158.1
100 ## - MAIN ENTRY--PERSONAL NAME
Personal name Mahesh Soma
245 ## - TITLE STATEMENT
Title Soft Skills/
Statement of responsibility, etc Soma Mahesh Kumar
Remainder of title Enhancing Personal & Professional Science
260 ## - PUBLICATION, DISTRIBUTION, ETC. (IMPRINT)
Place of publication, distribution, etc Tamil Nadu
Name of publisher, distributor, etc Mc Graw Hill Education
Date of publication, distribution, etc 2023
270 ## - ADDRESS
Address Anjana Complex No.5/90A,Butt Road
City Chennai
Postal code 600016
300 ## - PHYSICAL DESCRIPTION
Extent 251
Dimensions 23cm(pbk)
700 ## - ADDED ENTRY--PERSONAL NAME
Personal name Naik, B. Ravi
9 (RLIN) 56902
942 ## - ADDED ENTRY ELEMENTS (KOHA)
Source of classification or shelving scheme Dewey Decimal Classification
Item type English Books
Classification part 158.1
Call number suffix SOM
Holdings
Withdrawn status Lost status Not for loan Collection code Home library Current library Date acquired Source of acquisition Cost, normal purchase price Full call number Barcode Copy number Cost, replacement price Koha item type
      Non-fiction Janak Puri Janak Puri 21/09/2023 Dbad/Pub 575.00 158.1 SOM EN-121740 1 575.00 English Books

© Delhi Public Library
Hit Counter
free hit counter